<?xml version="1.0" encoding="UTF-8"?>
<record
    xmlns:xsi="http://www.w3.org/2001/XMLSchema-instance"
    xsi:schemaLocation="http://www.loc.gov/MARC21/slim http://www.loc.gov/standards/marcxml/schema/MARC21slim.xsd"
    xmlns="http://www.loc.gov/MARC21/slim">

  <leader>00863naa a22002057i 4500</leader>
  <controlfield tag="001">232415</controlfield>
  <controlfield tag="003">ES-MaBCM</controlfield>
  <controlfield tag="005">20260219172043.0</controlfield>
  <controlfield tag="008">260219s2023    sp ||||| |||| 00| 0 spa d</controlfield>
  <datafield tag="040" ind1=" " ind2=" ">
    <subfield code="c">ES-MaBCM</subfield>
  </datafield>
  <datafield tag="100" ind1="1" ind2=" ">
    <subfield code="a">Quispe Rem&#xF3;n, Florabel</subfield>
    <subfield code="9">91692</subfield>
  </datafield>
  <datafield tag="245" ind1="1" ind2="3">
    <subfield code="a">El derecho internacional de los derechos humanos :</subfield>
    <subfield code="b">el ius cogens y su relaci&#xF3;n con las salvaguardias para proteger los derechos de las personas condenadas a muerte</subfield>
    <subfield code="c">Florabel Quispe Rem&#xF3;n</subfield>
  </datafield>
  <datafield tag="500" ind1=" " ind2=" ">
    <subfield code="a">Contiene tablas</subfield>
  </datafield>
  <datafield tag="504" ind1=" " ind2=" ">
    <subfield code="a">Incluye referencias bibliogr&#xE1;ficas</subfield>
  </datafield>
  <datafield tag="650" ind1=" " ind2="7">
    <subfield code="a">Derecho internacional humanitario</subfield>
    <subfield code="9">58328</subfield>
  </datafield>
  <datafield tag="650" ind1=" " ind2="7">
    <subfield code="a">Derecho del individuo</subfield>
    <subfield code="9">58361</subfield>
  </datafield>
  <datafield tag="650" ind1=" " ind2="7">
    <subfield code="a">Pena de muerte</subfield>
    <subfield code="9">59744</subfield>
  </datafield>
  <datafield tag="773" ind1="0" ind2=" ">
    <subfield code="d">Valencia : Tirant lo Blanch , 2023</subfield>
    <subfield code="g">p. [193]-221 - Loc. 62618</subfield>
    <subfield code="t">La crueldad en las constituciones y en los convenios internacionales</subfield>
    <subfield code="w">225307</subfield>
  </datafield>
  <datafield tag="942" ind1=" " ind2=" ">
    <subfield code="2">udc</subfield>
    <subfield code="c">AMON</subfield>
  </datafield>
  <datafield tag="999" ind1=" " ind2=" ">
    <subfield code="c">232415</subfield>
    <subfield code="d">232415</subfield>
  </datafield>
  <datafield tag="952" ind1=" " ind2=" ">
    <subfield code="0">0</subfield>
    <subfield code="1">0</subfield>
    <subfield code="2">udc</subfield>
    <subfield code="4">0</subfield>
    <subfield code="7">0</subfield>
    <subfield code="a">BC</subfield>
    <subfield code="b">BC</subfield>
    <subfield code="c">SALA</subfield>
    <subfield code="d">2026-02-19</subfield>
    <subfield code="l">0</subfield>
    <subfield code="r">2026-02-19 17:20:49</subfield>
    <subfield code="w">2026-02-19</subfield>
    <subfield code="y">AMON</subfield>
  </datafield>
</record>
